Antioxidačný potenciál včelích produktov v kozmetike
Salvato in:
| Autore principale: | |
|---|---|
| Altri autori: | |
| Natura: | Manoscritto Libro |
| Lingua: | slovacco |
| Pubblicazione: |
2024
|
| Soggetti: | |
| Accesso online: | http://is.stuba.sk/zp/portal_zp.pl?podrobnosti=168720 |
| Tags: |
Nessun Tag, puoi essere il primo ad aggiungerne!!
|
MARC
| LEADER | 00000ntm a22000003a 4500 | ||
|---|---|---|---|
| 001 | stuzp99354 | ||
| 003 | SK-STU | ||
| 005 | 20240622210904.1 | ||
| 007 | ta | ||
| 008 | 150427s2015----xo-----f-mn---000-0-slo-d | ||
| 040 | |a STU |b slo | ||
| 041 | 0 | |a slo | |
| 100 | 1 | |a Brnáková, Laura |u 040250 |4 aut |U FCHPT Ústav potravinárstva a výživy |T FCHPT Oddelenie potravinárskej technológie |X 115987 |U C0250 |Y 685 |7 115987 | |
| 242 | 0 | 1 | |a The Antioxidant Potential of Bee Products in Cosmetic |y eng |
| 245 | 1 | 0 | |a Antioxidačný potenciál včelích produktov v kozmetike |
| 260 | |c 2024 | ||
| 650 | 4 | |a včelie produkty |2 slo | |
| 650 | 4 | |a antioxidačná aktivita |2 slo | |
| 650 | 4 | |a kozmetické aplikácie |2 slo | |
| 650 | 4 | |a DPPH metóda |2 slo | |
| 650 | 4 | |a bee products |2 eng | |
| 650 | 4 | |a antioxidant activity |2 eng | |
| 650 | 4 | |a cosmetic applications |2 eng | |
| 650 | 4 | |a DPPH method |2 eng | |
| 700 | 1 | |a Martiniaková, Silvia |u 040250 |k Z1 |4 ths |U FCHPT Ústav potravinárstva a výživy |T FCHPT Oddelenie potravinárskej technológie |X 16670 |U C0250 |Y 685 |7 A000016670 | |
| 856 | 4 | |u http://is.stuba.sk/zp/portal_zp.pl?podrobnosti=168720 | |